Incidence and severity of Corynespora leaf fall disease of rubber in Sri Lanka (Record no. 60979)

MARC details
000 -LEADER
fixed length control field 02095nam a2200193Ia 4500
100 ## - MAIN ENTRY--AUTHOR NAME
Personal name Jayasinghe C K
245 #0 - TITLE STATEMENT
Title Incidence and severity of Corynespora leaf fall disease of rubber in Sri Lanka
260 ## - PUBLICATION, DISTRIBUTION, ETC. (IMPRINT)
Name of publisher Proceedings of the First Symposium on Plantation Crop Research : Current Trends and Future Challenges,8-9 July, 2004, Sri Lanka, pp.129-135.
520 ## - SUMMARY, ETC.
Summary, etc Corynespora leaf fall disease caused by Corynespora cassiicola is currently considered as the most destructive leaf disease of Hevea rubber in Asian and African continents. Several outstanding clones in the world namely RRIM 600, GT 1, RRII 105, RRIC 103 and RRIC 110 have already succumbed to the disease. During the years 2002 and 2003 an island-wide disease screening programme was launched using an internationally accepted protocol and determine the present disease situation of clones planted in Sri Lanka. The ranking of clones based on a disease severity index revealed that eight clones among the 34 clones screened were susceptible to the disease at varying intensities. No clone recommended for large scale planting was found to be infected with the disease. Two heavily affected clones namely RRISL 202 (a clone recommended for small scale planting) and RRISL 200 (experimental clone) were removed from the recommendation list and experimental trials respectively. Moderate, infections have been detected on two clones recommended for small scale planting namely RRISL 201 and RRISL 217 and it was decided to make further observations on these clones before recommending for growers. The other Group 2 clones susceptible to the disease was RRISL 133 and it showed very light infection. The rest of the susceptible clones represented the Group 3, genetic materials recommended for estate/research institute collaborative trials.
650 ## - SUBJECT ADDED ENTRY--TOPICAL TERM
Topical Term Corynespora leaf fall
650 ## - SUBJECT ADDED ENTRY--TOPICAL TERM
Topical Term Disease screening
650 ## - SUBJECT ADDED ENTRY--TOPICAL TERM
Topical Term Hevea brasiliensis
650 ## - SUBJECT ADDED ENTRY--TOPICAL TERM
Topical Term Resistant clones
700 ## - ADDED ENTRY--PERSONAL NAME
Personal name Fernando T H P S
700 ## - ADDED ENTRY--PERSONAL NAME
Personal name Nishantha N
700 ## - ADDED ENTRY--PERSONAL NAME
Personal name Silva W P K
942 ## - ADDED ENTRY ELEMENTS (KOHA)
Koha item type Journals
Holdings
Withdrawn status Lost status Damaged status Not for loan Home library Current library Shelving location Date acquired Koha item type
      Journals RRII Library RRII Library Mycology 17/12/2021 Journals